| 000 -LEADER |
| fixed length control field |
01328nam a22003257a 4500 |
| 008 - FIXED-LENGTH DATA ELEMENTS--GENERAL INFORMATION |
| fixed length control field |
250527b xxu||||| |||| 00| 0 eng d |
| 040 ## - CATALOGING SOURCE |
| Original cataloging agency |
Cagayan State University |
| Description conventions |
RDA |
| 082 ## - DEWEY DECIMAL CLASSIFICATION NUMBER |
| Classification number |
791.4372 |
| Item number |
P8877 2020 |
| 245 ## - TITLE STATEMENT |
| Title |
Project power / directed by Henry Joost and Ariel Schulman ; written by Mattson Tomlin ; produced by Eric Newman, Bryan Unkeless. |
| 260 ## - PUBLICATION, DISTRIBUTION, ETC. (IMPRINT) |
| Place of publication, distribution, etc |
New Orleans, Louisiana : |
| Name of publisher, distributor, etc |
Netflix, |
| Date of publication, distribution, etc |
2020. |
| 300 ## - PHYSICAL DESCRIPTION |
| Extent |
1 videofile (ca. 114 mins.) : |
| Other physical details |
sound, color. |
| 520 ## - SUMMARY, ETC. |
| Summary, etc |
When a pill that gives its users unpredictable superpowers for five minutes hits the streets of New Orleans, a teenage dealer and a local cop must team with an ex-soldier to take down the group responsible for its creation. |
| 521 ## - TARGET AUDIENCE NOTE |
| Target audience note |
Rated R for violence, bloody images, drug content and some language. |
| 546 ## - LANGUAGE NOTE |
| Language note |
English. |
| 650 ## - SUBJECT ADDED ENTRY--TOPICAL TERM |
| Topical term or geographic name as entry element |
Action. |
| 650 ## - SUBJECT ADDED ENTRY--TOPICAL TERM |
| Topical term or geographic name as entry element |
Crime. |
| 650 ## - SUBJECT ADDED ENTRY--TOPICAL TERM |
| Topical term or geographic name as entry element |
Sci-Fi. |
| 650 ## - SUBJECT ADDED ENTRY--TOPICAL TERM |
| Topical term or geographic name as entry element |
Thriller. |
| 700 ## - ADDED ENTRY--PERSONAL NAME |
| Personal name |
Jamie Foxx, star. |
| 700 ## - ADDED ENTRY--PERSONAL NAME |
| Personal name |
Joseph Gordon-Levitt, star. |
| 700 ## - ADDED ENTRY--PERSONAL NAME |
| Personal name |
Dominique Fishback, star. |
| 700 ## - ADDED ENTRY--PERSONAL NAME |
| Personal name |
Rodrigo Santoro, star. |
| 700 ## - ADDED ENTRY--PERSONAL NAME |
| Personal name |
Colson Baker, star. |
| 700 ## - ADDED ENTRY--PERSONAL NAME |
| Personal name |
Allen Maldonado, star. |
| 700 ## - ADDED ENTRY--PERSONAL NAME |
| Personal name |
Amy Landecker, star. |
| 700 ## - ADDED ENTRY--PERSONAL NAME |
| Personal name |
Courtney B. Vance, star. |
| 700 ## - ADDED ENTRY--PERSONAL NAME |
| Personal name |
Michael Simmonds, cinematographer. |
| 700 ## - ADDED ENTRY--PERSONAL NAME |
| Personal name |
Jeff McEvoy, editor. |
| 942 ## - ADDED ENTRY ELEMENTS (KOHA) |
| Source of classification or shelving scheme |
|
| Item type |
Audio-Visual Materials |